Central Library OPAC University of Rajshahi

Valency and molecular structure / (Record no. 9535)

MARC details
000 -LEADER
fixed length control field 00941cam a22002891 4500
001 - CONTROL NUMBER
control field 9535
003 - CONTROL NUMBER IDENTIFIER
rucl marc code BD-RjUL
005 - DATE AND TIME OF LATEST TRANSACTION
control field 20211208234808.0
008 - FIXED-LENGTH DATA ELEMENTS--GENERAL INFORMATION
fixed length control field 140121t1966 enka b 001 0 eng
035 ## - SYSTEM CONTROL NUMBER
System control number (BD-RjUL)9580
040 ## - CATALOGING SOURCE
Original cataloging agency DLC
Transcribing agency DLC
Modifying agency ICU
-- DLC
-- BD-RjUL
Language of cataloging eng
041 ## - LANGUAGE CODE
Language code of text/sound track or separate title eng
082 00 - DEWEY DECIMAL CLASSIFICATION NUMBER
Classification number 541.224
Edition number 16
Author mark and year CAV 1966
100 1# - MAIN ENTRY--PERSONAL NAME
Personal name Cartmell, E.
Fuller form of name (Edward)
9 (RLIN) 29542
245 10 - TITLE STATEMENT
Title Valency and molecular structure /
Statement of responsibility, etc. [by] E. Cartmell and G.W.A. Fowles.
250 ## - EDITION STATEMENT
Edition statement 3rd ed.
260 ## - PUBLICATION, DISTRIBUTION, ETC. (IMPRINT)
Place of publication, distribution, etc. London :
Name of publisher, distributor, etc. Butterworths,
Date of publication, distribution, etc. 1966 [reprinted 1974].
300 ## - PHYSICAL DESCRIPTION
Pagination xii, 315 p. :
Illustrations tables, diagrs. ;
Size 22 cm.
350 ## - PRICE (NR) (BK AM CF MU VM SE) [OBSOLETE]
Price 37/6
504 ## - BIBLIOGRAPHY, ETC. NOTE
Bibliography, etc Includes bibliographical reference and index.
650 #0 - SUBJECT ADDED ENTRY--TOPICAL TERM
Topical term or geographic name as entry element Valence (Theoretical chemistry)
9 (RLIN) 29543
Topical term or geographic name as entry element Molecular structure.
9 (RLIN) 28116
700 1# - ADDED ENTRY--PERSONAL NAME
Personal name Fowles, G. W. A.
Fuller form of name (Gerald Wilfred Albert),
Relator term joint author.
942 ## - ADDED ENTRY ELEMENTS (KOHA)
Source of classification or shelving scheme Dewey Decimal Classification
Koha item type Books
Holdings
Lost status Source of classification or shelving scheme Damaged status Not for loan Collection code Permanent Location Current Location Shelving location Date acquired Source of acquisition Cost, normal purchase price Total Checkouts Full call number Date last seen Copy number Koha item type
  Dewey Decimal Classification     Non-fiction Central Library, University of Rajshahi Central Library, University of Rajshahi   12/01/1970 Zeit. 37.60   541.224 CAV 1966 21/01/2014 C-5 Books
  Dewey Decimal Classification     Non-fiction Central Library, University of Rajshahi Central Library, University of Rajshahi   16/03/1974 Britain Gift     541.224 CAV 1970 21/01/2014 C-49 Books
  Dewey Decimal Classification   Not For Loan Non-fiction Central Library, University of Rajshahi Central Library, University of Rajshahi Reading Room 05/12/1978 British Council, Dacca     541.224 CAV 1974 20/02/2017 C-1 Books
  Dewey Decimal Classification     Non-fiction Central Library, University of Rajshahi Central Library, University of Rajshahi   16/03/1974 Britain     541.224 CAV 1970 13/05/2017 C-2 Books
  Dewey Decimal Classification     Non-fiction Central Library, University of Rajshahi Central Library, University of Rajshahi   16/03/1974 Britain     541.224 CAV 1970 14/05/2017 C-3 Books
  Dewey Decimal Classification     Non-fiction Central Library, University of Rajshahi Central Library, University of Rajshahi   16/03/1974 Britain     541.224 CAV 1970 14/05/2017 C-4 Books
  Dewey Decimal Classification     Non-fiction Central Library, University of Rajshahi Central Library, University of Rajshahi   16/03/1974 Britain     541.224 CAV 1970 14/05/2017 C-6 Books
  Dewey Decimal Classification     Non-fiction Central Library, University of Rajshahi Central Library, University of Rajshahi   16/03/1974 Britain     541.224 CAV 1970 14/05/2017 C-7 Books
  Dewey Decimal Classification     Non-fiction Central Library, University of Rajshahi Central Library, University of Rajshahi   16/03/1974 Britain     541.224 CAV 1970 14/05/2017 C-8 Books
  Dewey Decimal Classification     Non-fiction Central Library, University of Rajshahi Central Library, University of Rajshahi   16/03/1974 Britain     541.224 CAV 1970 14/05/2017 C-9 Books
  Dewey Decimal Classification     Non-fiction Central Library, University of Rajshahi Central Library, University of Rajshahi   16/03/1974 Britain     541.224 CAV 1970 14/05/2017 C-10 Books